000 003690000a22001690004500
005 20120302055934.0
942 _cBOOK
100 _a Swami Chidbhavananda
245 _a Srimad Bhagawadgeetaa
250 _a 4
260 _aMadras:Rasmkrushna Tapowan,1970.
300 _a1007p.
040 _aS.E
365 _b7/-
650 _aGeetaa
650 _aBhagawadgeetaa
999 _c349785
_d349782